LEADER 01921nam0 2200457 i 450 001 VAN0133899 005 20230620092654.761 017 70$2N$a9783319134222 100 $a20210423d2015 |0itac50 ba 101 $aeng 102 $aCH 105 $a|||| ||||| 200 1 $aˆThe ‰Invisible Universe$eThe Story of Radio Astronomy$fGerrit Verschuur 205 $a3. ed 210 $aCham$cSpringer$d2015 215 $axii, 259 p.$cill.$d24 cm 410 1$1001VAN0132684$12001 $aAstronomers' Universe$1210 $aNew York [etc.]$cSpringer 500 1$3VAN0134515$aˆThe ‰Invisible Universe$91772386 606 $a01-XX$xHistory and biography [MSC 2020]$3VANC021469$2MF 606 $a00A79 (77-XX)$xPhysics [MSC 2020]$3VANC023182$2MF 606 $a85-XX$xAstronomy and Astrophysics [MSC 2020]$3VANC023246$2MF 610 $aALMA and Star Forming Regions$9KW:K 610 $aGalactic Radio Nebulae$9KW:K 610 $aInterstellar Hydrogen$9KW:K 610 $aInterstellar Molecules$9KW:K 610 $aQuasar Generated Radio Waves$9KW:K 610 $aRadio Astronomy Explained$9KW:K 610 $aRadio Signals from Space$9KW:K 610 $aSETI and Radio Astronomy$9KW:K 610 $aStar DeathThe Big Bang$9KW:K 620 $aCH$dCham$3VANL001889 700 1$aVerschuur$bGerrit$3VANV107638$0792559 712 $aSpringer $3VANV108073$4650 801 $aIT$bSOL$c20240614$gRICA 856 4 $uhttp://doi.org/10.1007/978-3-319-13422-2$zE-book ? Accesso al full-text attraverso riconoscimento IP di Ateneo, proxy e/o Shibboleth 899 $aBIBLIOTECA DEL DIPARTIMENTO DI MATEMATICA E FISICA$1IT-CE0120$2VAN08 912 $fN 912 $aVAN0133899 950 $aBIBLIOTECA DEL DIPARTIMENTO DI MATEMATICA E FISICA$d08CONS e-book 2483 $e08eMF2483 20210423 996 $aInvisible Universe$91772386 997 $aUNICAMPANIA LEADER 01445nam0 22003373i 450 001 VAN0242342 005 20220617090841.553 017 70$2N$a9783319313290 100 $a20220307d2016 |0itac50 ba 101 $aeng 102 $aCH 105 $a|||| ||||| 200 1 $aFast Scanning Calorimetry$feditors Christoph Schick, Vincent Mathot 210 $aCham$cSprimger$d2016 215 $aX, 801 p.$cill.$d24 cm 620 $aCH$dCham$3VANL001889 676 $a660$cIngegneria chimica e tecnologie connesse$v22 676 $a621.4021$cIngegneria termica. Termodinamica$v22 676 $a620.192$cPolimeri$v22 676 $a620.1$cScienze dei materiali$v22 702 1$aMathot$bVincent$3VANV198245 702 1$aSchick$bChristoph$3VANV198244 712 $aSpringer $3VANV108073$4650 801 $aIT$bSOL$c20240614$gRICA 856 4 $uhttps://link.springer.com/book/10.1007/978-3-319-31329-0$zE-book - Accesso al full-text attraverso riconoscimento IP di Ateneo, proxy e/o Shibboleth 899 $aBIBLIOTECA DEL DIPARTIMENTO DI SCIENZE E TECNOLOGIE AMBIENTALI BIOLOGICHE E FARMACEUTICHE$1IT-CE0101$2VAN17 912 $fN 912 $aVAN0242342 950 $aBIBLIOTECA DEL DIPARTIMENTO DI SCIENZE E TECNOLOGIE AMBIENTALI BIOLOGICHE E FARMACEUTICHE$d17CONS e-book 2220 $e17BIB2220/140 140 20220307 996 $aFast Scanning Calorimetry$92509390 997 $aUNICAMPANIA